| 000 | 00480nam a22001697a 4500 | ||
|---|---|---|---|
| 003 | CEME | ||
| 005 | 20210628205043.0 | ||
| 008 | 210128b xxu||||| |||| 00| 0 eng d | ||
| 020 | _a0-7494-2845-7 | ||
| 040 | _c. | ||
| 082 | _a658 COR | ||
| 245 | _aShakespeare on management;leadership lessons for today's mangers | ||
| 260 |
_aUSA _bKOGAN PAGE _c1999 |
||
| 300 | _a244P | ||
| 650 |
_aSHAKESPEARE ON MANAGEMENT.LEADERSHIP LESSONS FOR TODAY'S MANGERS _973644 |
||
| 942 |
_cBK _2ddc |
||
| 999 |
_c579311 _d579311 |
||